[Event "GER-chT School WK 2"]
[Site "Playchess.com INT"]
[Date "2020.06.15"]
[Round "7.4"]
[White "Grosche, Raphael"]
[Black "Rohm, Linus"]
[Result "0-1"]
[WhiteElo "1632"]
[BlackElo "1838"]
[PlyCount "58"]
[EventDate "2020.06.08"]
[EventType "team-swiss (blitz)"]
[EventRounds "7"]
[EventCountry "GER"]
[SourceTitle "EXT 2021"]
[Source "ChessBase"]
[SourceDate "2020.10.23"]
[SourceVersion "1"]
[SourceVersionDate "2020.10.23"]
[SourceQuality "1"]
[WhiteTeam "Kardinal von Galen"]
[BlackTeam "Theodor Gymn"]
[WhiteTeamCountry "GER"]
[BlackTeamCountry "GER"]

1. e4 e6 2. Nf3 d5 3. exd5 exd5 4. Nc3 c6 5. d3 Bd6 6. Bg5 f6 7. Be3 Ne7 8. d4 Bg4 9. Be2 Nd7 10. 0-0 Qc7 11. g3 0-0-0 12. Qd2 h5 13. Bf4 g5 14. Bxd6 Qxd6 15. Rae1 h4 16. gxh4 Bxf3 17. Bxf3 Rxh4 18. h3 Rxh3 19. Re5 Nxe5 20. dxe5 Qxe5 21. Bg4+ f5 22. Bxh3 g4 23. Bg2 Rh8 24. Re1 Qh2+ 25. Kf1 Ng6 26. Ne2 Nh4 27. Nf4 Nf3 28. Bxf3 gxf3 29. Ne2 Qg2# 0-1